| 000 | 00367nam a2200145Ia 4500 | ||
|---|---|---|---|
| 008 | 150201s2009 xx 000 0 und d | ||
| 082 |
_a616.462 _bC09A |
||
| 100 | _aAJJAN, RAMZI | ||
| 245 | _aCLINICAL CASES UNCOVERED ERDOCRINOLOGY AND DIABETES | ||
| 250 | _a1ST | ||
| 260 |
_bWILEY BLACKWELL _aUSA _c2009 |
||
| 300 | _a1-195 | ||
| 650 | _aDIABETES | ||
| 942 |
_2ddc _cBK |
||
| 999 |
_c1759 _d1759 |
||